Economía y administración (Registro nro. 5962)

Detalles MARC
000 -LEADER
fixed length control field 01569 a2200229 4500
001 - CONTROL NUMBER
control field 55590
005 - DATE AND TIME OF LATEST TRANSACTION
control field 20260407155829.0
008 - FIXED-LENGTH DATA ELEMENTS--GENERAL INFORMATION
fixed length control field 260407a1978 arg spa d
003 - CONTROL NUMBER IDENTIFIER
control field AR-UNSa-BCEJYS
040 ## - CATALOGING SOURCE
Original cataloging agency AR-UNSa-BCEJYS
Language of cataloging spa
Transcribing agency AR-UNSa-BCEJYS
080 ## - UNIVERSAL DECIMAL CLASSIFICATION NUMBER
Universal Decimal Classification number 330.101.8
Common auxiliary subdivision Clasificación y subdivisiones de la economía. Teórica, práctica. Pura, aplicada. General, especial. Relación de la economía con la teoría de la economía política. Interrelaciones de economía política, economía privada, economía de la empresa (economía comercial). Relación de la economía política general y especial. Economía sectorial
041 ## - LANGUAGE CODE
Language code of text/sound track or separate title spa
100 1# - MAIN ENTRY--PERSONAL NAME
Personal name Brigham, Eugene F.
245 10 - TITLE STATEMENT
Title Economía y administración
264 #1 - PRODUCTION, PUBLICATION, DISTRIBUTION, MANUFACTURE, AND COPYRIGHT NOTICE
Place of production, publication, distribution, manufacture México :
Name of producer, publisher, distributor, manufacturer Interamericana
Date of production, publication, distribution, manufacture, or copyright notice 1978
300 ## - PHYSICAL DESCRIPTION
Extent viii, 583 p.
Dimensions 22 cm.
505 ## - FORMATTED CONTENTS NOTE
Formatted contents note 1. Usos y aplicaciones de la economía administrativa – 2. Técnicas de optimización – 3. Análisis de riesgos – 4. Teoría de la demanda – 5. Técnicas de la estimación de la demanda – 6. Teoría de la producción – 7. Programación lineal – 8. Teorías de costos – 9. Análisis empírico de costos – 10. La estructura del mercado y la teoría de los precios – 11. Prácticas de establecimiento de precios – 12. Reglamentos y leyes antimonopolistas – 13. Decisiones de inversión a largo plazo: presupuestos de capital – 14. Compañía westfall: un caso integrado de decisiones administrativas
590 ## - LOCAL NOTE (RLIN)
Local note niveau_biblio:m niveau_hierar:0
700 1# - ADDED ENTRY--PERSONAL NAME
Personal name Pappas, James L.
700 1# - ADDED ENTRY--PERSONAL NAME
Personal name Contin, Agustin
942 ## - ADDED ENTRY ELEMENTS (KOHA)
Koha item type
Existencias
Withdrawn status Lost status Damaged status Not for loan Home library Current library Shelving location Date acquired Total checkouts Full call number Barcode Date last seen Price effective from Koha item type
        Biblioteca Prof. Eusebio Cleto del Rey Biblioteca Prof. Eusebio Cleto del Rey   07/04/2026   330.101.8 B855 L33581 07/04/2026 07/04/2026 Libro